Angry Birds Seasons - Episodes - Statistics

General Stats
  • This quiz has been taken 18 times
  • The average score is 18 of 30
Answer Stats
Theme Year Episode % Correct
Saint Patrick's Day 2011 Go Green, Get Lucky
89%
Halloween 2010 Trick or Treat
89%
First day of school 2012 Back to School
78%
Easter 2011 Easter Eggs
78%
Halloween 2011 Ham'o'ween
78%
Valentine's Day 2011 Hogs and Kisses
78%
Summer 2012 Piglantis
78%
World Circus Day 2013 Abra-Ca-Bacon
67%
2014-15 NBA Season 2014 - 2015 Ham Dunk
67%
Halloween 2016 Hammier Things
67%
Christmas 2014 On Finn Ice
67%
Christmas 2010 Season's Greedings
67%
2014 FIFA World Cup 2014 South Hamerica
67%
Summer 2011 Summer Pignic
67%
Lunar New Year 2012 Year of the Dragon
67%
Halloween 2012 Haunted Hogs
56%
Spring 2016 Marie Hamtoinette
56%
Release of the Angry Birds Movie 2016 Piggywood Studios
56%
Christmas 2016 Ragnahog
56%
Christmas 2015 Ski or Squeal
56%
Summer 2016 Summer Camp
56%
Christmas 2012 Winter Wonderham
56%
Christmas 2011 Wreck the Halls
56%
Christmas 2013 Arctic Eggspedition
44%
Valentine's Day 2012 Cherry Blossom
44%
Valentine's Day 2016 Fairy Hogmother
44%
Halloween 2015 Invasion of the Egg Snatchers
44%
Mid-Autumn Festival 2011 Moon Festival
44%
N/A (additional) 2015 Power-Up Test Site
22%
Spring 2015 Tropigal Paradise
22%
No matching quizzes found
Score Distribution
Percent of People with Each Score
Percentile by Number Answered
Your Score History
You have not taken this quiz